000 00656nam a2200253Ia 4500
001 30881
005 20240114001505.0
007 ta
008 060728s1338 g b000 u 346 u
020 _cHB
040 _aCotton College,Assam
041 _a346
082 _a891.4409
_bSe 55 K
100 _aSengupta, Jatindranath .
245 0 _aKabya Parimiti /
_cJatindranath Sengupta.
_hTextual Documents
250 _a1st ed. /
260 _aCalcutta :
_bRadesh Roy ,
_c1338.
300 _a107p. ;
_c17cm.
653 _aBengali Literature-Criticism
653 _aG-Bengali
942 _2ddc
_cBK
999 _c30863
_d30863